=LDR 00000nam 2200000 4500 =001 INLIS000000000059878 =005 20211210073730 =035 ##$$a 0010-1221000105 =007 ta =008 211210###########################0#ind## =020 ##$$a tidak Teridentifikasi =082 ##$$a R.336.202 6 =084 ##$$a R.336.202 6 Ind p =245 ##$$a Peraturan Pelaksanaan Undang - Undang Perpajakan Th 1995 : $b KUP, PPH, PPN /$c Indonesia =300 ##$$a 438 halaman ; $c 21 cm =650 #4$$a Pajak dan Perpajakan - Undang2 dan Peraturan =264 ##$$a Bandung :$b Citra Umbara,$c 1995 =336 ##$$a teks$2 rdacontent =337 ##$$a lain-lain$2 rdamedia =338 ##$$a lain-lain$2 rdacarrier =990 ##$$a 35073507 =990 ##$$a 07090709